Normal view
MARC view
- Lister, Megan.
Entry Personal Name
001 - CONTROL NUMBER
- control field: 59273
003 - CONTROL NUMBER IDENTIFIER
- control field: OSt
005 - DATE AND TIME OF LATEST TRANSACTION
- control field: 20240828151845.0
008 - FIXED-LENGTH DATA ELEMENTS
- fixed length control field: 240828|| aca||aabn | a|a d
040 ## - CATALOGING SOURCE
- Original cataloging agency: OSt
- Transcribing agency: OSt
100 ## - HEADING--PERSONAL NAME
- Personal name: Lister, Megan.
- Relator term: author.
670 ## - SOURCE DATA FOUND
- Source citation: Work cat.: (OSt): King-heiden, Trisha C. author. 59272, Using case-study based modules to promote a better understanding of evolution in an undergraduate anatomy and physiology course /, November 2019.
